|
|
|
|
| LEADER |
00000nam a2200000 a 4500 |
| 001 |
UCX6356 |
| 003 |
CL-VaPUC |
| 008 |
930526e19860000SP |||||||||||||||||spa|d |
| 082 |
0 |
4 |
|a 551.5
|b LLA
|2 21
|
| 100 |
|
|
|a Llaugé Dausá, Félix
|e autor
|9 322798
|
| 245 |
1 |
0 |
|a Iniciación a la meteorología
|
| 300 |
|
|
|a 345 p
|
| 942 |
|
|
|c BK
|
| 945 |
|
|
|d 19930526 00:00:00
|
| 260 |
|
|
|a Barcelona
|b Marcombo
|c 1986
|
| 650 |
|
7 |
|a METEOROLOGIA
|2 CL-VaPUC
|9 260030
|
| 583 |
|
|
|a last modification
|c 19930526 00:00:00
|k Rodrigo Vera
|
| 999 |
|
|
|c 226384
|d 226382
|
| 952 |
|
|
|0 0
|1 0
|4 0
|6 551_500000000000000_LLA_1986
|7 0
|8 A
|9 224682
|a BIBING
|b BIBING
|d 2019-11-15
|i 2934515
|o 551.5 LLA 1986
|p 2934515
|r 2025-01-20
|w 2019-11-15
|y BK
|k GEO
|